000 00756cam a22002174a 4500
020 _a0471463639 (CLOTH : alk. paper)
040 _cDLC
082 0 0 _a658 WIL 2004 A046 Or.
100 1 _aBlackman, Jeff,
245 1 0 _aStop whining! start selling! :
_bprofit-producing strategies for explosive sales results /
260 _aHoboken, N.J. :
_bWiley,
_cc2004.
300 _axxvii, 340 p. ;
_c24 cm.
500 _aIncludes index.
650 0 _aSelling.
650 0 _aSuccess in business.
650 0 _aEntrepreneurship.
856 4 2 _uhttp://www.loc.gov/catdir/bios/wiley046/2003016119.html
856 4 2 _uhttp://www.loc.gov/catdir/description/wiley039/2003016119.html
856 4 1 _uhttp://www.loc.gov/catdir/toc/wiley032/2003016119.html
942 _cEK
999 _c13568
_d13568